"Monthly Statistics of foreign trade of India. Vol.1.1, Export and Re-Export. 2003 January." (Record no. 691533)

MARC details
000 -LEADER
fixed length control field 00649nam a2200217Ia 4500
003 - CONTROL NUMBER IDENTIFIER
control field OSt
005 - DATE AND TIME OF LATEST TRANSACTION
control field 20220927105245.0
008 - FIXED-LENGTH DATA ELEMENTS--GENERAL INFORMATION
fixed length control field 220926b |||||||| |||| 00| 0 eng d
037 ## - SOURCE OF ACQUISITION
Terms of availability Reference Collections
040 ## - CATALOGING SOURCE
Original cataloging agency RTL
Transcribing agency RTL
Language of cataloging eng
041 ## - LANGUAGE CODE
Source of code eng
Language code of text/sound track or separate title eng
245 #0 - TITLE STATEMENT
Title "Monthly Statistics of foreign trade of India. Vol.1.1, Export and Re-Export. 2003 January."
260 ## - PUBLICATION, DISTRIBUTION, ETC.
Date of publication, distribution, etc. 2003
300 ## - PHYSICAL DESCRIPTION
Extent 1975p.
Dimensions cm.
942 ## - ADDED ENTRY ELEMENTS (KOHA)
Classification part "X: 545.2s. P03, P3.1; 2"
Koha item type
Holdings
Withdrawn status Lost status Damaged status Not for loan Home library Current library Date acquired Total Checkouts Full call number Barcode Date last seen Price effective from Koha item type
        Ratan Tata Library Ratan Tata Library 2022-09-27   "X: 545.2s. P03 P3.1; 2" RT1262120 2022-09-27 2022-09-27  
Copyright @ Delhi University Library System